000 00595nam a2200181Ia 4500
008 100917s9999 xx 000 0 und d
082 _b25010
100 _aकाळे विमल
245 _aब्रह्मदेवाची फजिती
260 _bइंद्रायणी साहित्य
_c1972
300 _a25
365 _b0.8
520 _aबालविभाग
630 _aब्रह्मदेवाची फजिती
650 _aबालविभाग
730 _aब्रह्मदेवाची फजिती
942 _cBOOK
999 _c630404
_d630401